000 00881nam a2200217 a 4500
008 120416s2002 ||||||||||||||||| || u
020 _a0415232945
050 _aGB 56 SMI
100 _aAtkinson, Ken
245 1 0 _aFundamentals of the physical environment. -- 3rd ed.
_cPeter Smithson, Ken Addison and Ken Atkinson
250 _a3rd ed.
260 _aLondon
_bRoutledge
_c2002
300 _axvi, 627p. : ill.
350 _a0.00
650 _aPHYSICAL GEOGRAPHY
650 _aGEOGRAPHY
700 _aAddison, Ken
700 _aSmithson, Peter
995 _aMAIN LIBRARY OPEN ACCESS
_D0.00
_e739217
_FCBU-MAIN LIBRARY (Kitwe)
_H1
_I0.00
_jGB 55 SMI
_M1
_UAVAILABLE
_WJan 27, 2009
_y739217
_ZMain Library Open Access Collection
995 _aMAIN LIBRARY OPEN ACCESS
_D0.00
_e736032
_FCBU-MAIN LIBRARY (Kitwe)
_H1
_I48.00
_jGB 56 SMI
_M1
_UAVAILABLE
_y38795
_ZMain Library Open Access Collection
999 _c63383
_d63383